000 00287nam a2200121Ia 4500
008 190216s9999||||xx |||||||||||||| ||und||
100 _aGilbert M Smith
245 0 _aCryptogamic Botany
260 _bTata Mcgrawhill Publishers
_c1988
300 _a399p
650 _aBotany
942 _cBK
999 _c1187
_d1187